000 00837cam a22002531 4500
001 gs 48000261
003 DLC
005 20260227111354.0
008 880108s1947 ag af b 000 0 spa c
010 _ags 48000261
035 _a(OCoLC)17320315
040 _aU.S. Geol. Survey. Libr.
_cTxDaM
_dDLC
043 _as-ag---
050 0 0 _aQE231
_b.A3 no. 62
051 _aQE231
_b.H34
100 1 _aHeim, Arnold,
_d1882-1965.
245 1 3 _aEl carbón del Río Huaco (Provincia de San Juan) y su posición tectónica.
260 _aBuenos Aires,
_c1947.
300 _a18 p.
_billus., 2 plates.
_c27 cm.
490 0 _aArgentine Republic. Dirección de Minas y Geología. Boletín
_vno. 62
504 _aBibliographical footnotes.
650 0 _aCoal
_zArgentina
_zSan Juan (Province)
650 0 _aGeology
_zArgentina
_zSan Juan (Province)
999 _c28288
_d28288